UBT Library

Nonaqueous electrolytes handbook (Record no. 41202)

000 -LEADER
fixed length control field 00647cam a2200229 4500
001 - CONTROL NUMBER
control field 1243590
005 - DATE AND TIME OF LATEST TRANSACTION
control field 20180129094154.0
008 - FIXED-LENGTH DATA ELEMENTS--GENERAL INFORMATION
fixed length control field 721213m19721973nyu b 001 0 eng
010 ## - LIBRARY OF CONGRESS CONTROL NUMBER
LC control number 72077364
020 ## - INTERNATIONAL STANDARD BOOK NUMBER
International Standard Book Number 0123804019 (v. 1)
040 ## - CATALOGING SOURCE
Original cataloging agency DLC
Transcribing agency DLC
Modifying agency DLC
041 ## - LANGUAGE CODE
Language code of text/sound track or separate title eng
080 ## - UNIVERSAL DECIMAL CLASSIFICATION NUMBER
Universal Decimal Classification number 541.372
082 00 - DEWEY DECIMAL CLASSIFICATION NUMBER
Classification number 541.372 JAN
100 1# - Rafti
Rafti 27
101 ## - Shkurtesa
Shkurtesa ELE
245 10 - TITLE STATEMENT
Title Nonaqueous electrolytes handbook
Statement of responsibility, etc [by] G. J. Janz and R. P. T. Tomkins. With contributions by J. Ambrose [and others]
350 ## - PRICE (NR) (BK AM CF MU VM SE) [OBSOLETE]
Price $55.00 (v. 1)
504 ## - BIBLIOGRAPHY, ETC. NOTE
Bibliography, etc Includes bibliographies.
906 ## - LOCAL DATA ELEMENT F, LDF (RLIN)
a 7
b cbc
c orignew
d 2
e opcn
f 19
g y-gencatlg
942 ## - ADDED ENTRY ELEMENTS (KOHA)
Source of classification or shelving scheme
Item type Books
Holdings
Withdrawn status Lost status Source of classification or shelving scheme Damaged status Not for loan Collection code Permanent location Current location Shelving location Date acquired Total Checkouts Full call number Barcode Date last seen Price effective from Koha item type
          Koleksioni i përgjithshem UBT - Lipjan UBT - Lipjan Koleksioni i përgjithshem 01/29/2018   541.372 JAN 002-2996893 01/29/2018 01/29/2018 Books
UBT Library © 2015-2024. All rights reserved University Education for Business and Technology